Normal view
MARC view
- Saleem,Madeeha
Entry Personal Name
001 - CONTROL NUMBER
- control field: 5077
003 - CONTROL NUMBER IDENTIFIER
- control field: NUST
005 - DATE AND TIME OF LATEST TRANSACTION
- control field: 20170928130810.0
008 - FIXED-LENGTH DATA ELEMENTS
- fixed length control field: 170928|| aca||aabn | a|a d
040 ## - CATALOGING SOURCE
- Original cataloging agency: NUST
- Transcribing agency: NUST
100 ## - HEADING--PERSONAL NAME
- Personal name: Saleem,Madeeha
670 ## - SOURCE DATA FOUND
- Source citation: Work cat.: (NUST): Saleem,Madeeha, Exploring the determinants of hundi system using data on migration from Pakistan to Saudi Arabia , 2016
